000 00727nam a2200217Ii 4500
003 JO-AjNU
008 230605s9999||||xx |||||||||||||| ||und||
017 _a2009/2/333
040 _aJO-AjNU
_bara
_erda
_cJO-AjNU
041 _aara
050 1 4 _aPN2971.A746 2001
100 3 _aيوسف،عقيل,
_eauthor
_924295
245 0 0 _aمتعة المسرح: دراسة في علوم المسرح نظريا وتطبيقيا
250 _aط1
264 3 1 _aإربد: دار الكندي للنشر والتوزيع، 2009
300 _a117ص
336 _atext
_btxt
_2rdacontent
337 _aunmediated
_bn
_2rdamedia
338 _avolume
_bnc
_2rdacarrier
650 4 _aالمسرح - علوم المسرح - دراسة
_924296
999 _aA8924
_c12492
_d12492